Numbers in Pop Culture Quiz Stats

 Plays Quiz Updated Apr 2, 2015

Challenge
Share
Tweet
Embed
Score 0/20 Timer 05:00
1 Play Today
Hint Number % Correct
Number of dwarves who lived with Snow White7
99.4%
Number of hours it usually takes Jack Bauer to save the day24
94.6%
Number of grandnephews who live with Scrooge McDuck3
89.3%
Number of Spartans led by Leonidas of Sparta300
82.8%
Number of Weird Sisters who prophesy to Macbeth3
80.1%
Number of days in which Phileas Fogg intended to circumnavigate the globe80
77.1%
Number of circles of Hell9
75.6%
Number of miles the Proclaimers would walk to fall down at your door1000
72%
Number of “Luftballons” which trigger nuclear war99
71.9%
Year in which the HAL 9000 turned upon the crew of the Discovery One2001
65.4%
Hint Number % Correct
Speed the Delorean must go at to travel through time (mph)88
64.5%
Number of evil exes Scott Pilgrim must defeat7
64.2%
Answer to the great question of life, the universe and everything42
59%
Number of days between when Tom first meets Summer and when he meets Autumn500
54.8%
Number of years of solitude100
54.6%
Height of Nancy Archer in this famous B-movie (feet)50
42.8%
Number of 'days of night' in which vampires prey upon the town of Barrow, Alaska30
36.1%
Year in which Winston Smith meets Julia1984
32.7%
Number of horses blinded by Alan Strang6
26.9%
Flight number of the Oceanic Airlines plane which crashed on The Island815
13.3%

You're not logged in!

Compare scores with friends on all Sporcle quizzes.
Join for Free
OR
Log In

You Might Also Like...

Show Comments

Extras

Top Quizzes Today


Score Distribution

Your Account Isn't Verified!

In order to create a playlist on Sporcle, you need to verify the email address you used during registration. Go to your Sporcle Settings to finish the process.

Report this User

Report this user for behavior that violates our Community Guidelines.

Details: